A course of modern analysis (Record no. 134556)

MARC details
000 -LEADER
campo de control de longitud fija 00596nam a2200181 i 4500
001 - NÚMERO DE CONTROL
campo de control 134556
003 - IDENTIFICADOR DE NÚMERO DE CONTROL
campo de control ES-MaACL
005 - FECHA Y HORA DE LA ÚLTIMA TRANSACCIÓN
campo de control 20230906194711.0
007 - CAMPO FIJO DE DESCRIPCIÓN FÍSICA--INFORMACIÓN GENERAL
campo de control de longitud fija t|
008 - DATOS DE LONGITUD FIJA--INFORMACIÓN GENERAL
campo de control de longitud fija 070911s1946 xxk ||||1| eng d
100 1# - ENTRADA PRINCIPAL--NOMBRE DE PERSONA
Nombre de persona Whittaker, E. T.
9 (RLIN) 116716
245 12 - MENCIÓN DEL TÍTULO
Título A course of modern analysis
Resto del título : an introduction to the general theory of infinite processe and... /
Mención de responsabilidad, etc. by E. T. Whittaker and G. N. Watson.
250 ## - MENCION DE EDICION
Mención de edición 4th ed., repr.
260 ## - PUBLICACIÓN, DISTRIBUCIÓN, ETC.
Lugar de publicación, distribución, etc. Cambridge :
Nombre del editor, distribuidor, etc. The University Press,
Fecha de publicación, distribución, etc. 1946.
300 ## - DESCRIPCIÓN FÍSICA
Extensión 608 p. ;
Dimensiones 27 cm.
700 1# - ENTRADA AGREGADA--NOMBRE PERSONAL
Nombre de persona Watson, G. N.
9 (RLIN) 116184
852 ## - LOCALIZACIÓN
Ubicación ES-MaACL
Número de control de estantería C-4314
Sublocalización o colección R.24241
Holdings
Estatus retirado Estado de pérdida Estado de daño No para préstamo Biblioteca de origen Biblioteca actual Ubicación en estantería Fecha de adquisición Fuente de adquisición Total de préstamos Signatura topográfica completa Código de barras Visto por última vez Precio de reemplazo Tipo de ítem Koha
        Biblioteca del Ateneo de Madrid Biblioteca del Ateneo de Madrid Sala Palomar 17/01/2008     C-4314 1140056 23/02/2023 23/02/2023 Libro impreso